005950000a22001330004500090001400000245011800014041001300132500004500145100003300190942001300223773003400236999001700270952017400287 aARb0430410aCladistic inference and evolutionary scenariosslocomotory structure, function, and performance in water striders0 aInglés a1 aAndersen, Nils Moller998183 cARTICULO1 tCladisticsh11q279-295d1995 c13401d13401 001040718HEMEROTECAaBogotabBogotad2006-11-21eTrujillo, DiegohFuera de circulaciónl0oAR 04304p023749r2015-03-25 00:00:00t1w2015-03-25xEntregadoyARTICULO